| 000 | 03603nam a22004697a 4500 | ||
|---|---|---|---|
| 001 | BRCA_9230 | ||
| 003 | FranzMayer | ||
| 005 | 20220921134607.0 | ||
| 008 | 220913b |||||||| |||| 00| 0 eng d | ||
| 020 | _a9788481815405 | ||
| 020 | _a9788461646258 | ||
| 040 |
_bspa _cMFM |
||
| 041 | _aspa | ||
| 050 |
_aNK9900.5.E _bL33 2013 |
||
| 245 |
_aLacas Namban : _bHuellas de Japón en España. IV Centenario de la Embajada Keichô = Namban Lacquer : Japan remained in Spain : 400 years after the Keicho Embassy = 南蛮漆器 : スペインに残された「日本」 : 慶長遣欧使節400周年 |
||
| 260 |
_aMadrid : _bMinisterio de Educación, Cultura y Deporte, Subdirección General de Documentación y Publicaciones, _c2013 |
||
| 260 |
_aMadrid : _bFundación Japón, Madrid, _c2013 |
||
| 300 |
_a509 pp. : _bil. fot. map. ; _c17 x 24 cm. |
||
| 500 | _aUbicación: L60-N1 | ||
| 500 | _aCatálogo publicado con motivo de la exposición que lleva por nombre el mismo de éste ejemplar, realizada en el Museo Nacional de Artes Decorativas (12 de junio al 29 de septiembre de 2013) | ||
| 504 | _aBibliografía: pp. 475-503 | ||
| 505 |
_tPresentación / _rFernando García Gutiérrez |
||
| 505 |
_tRutas, viajes y encuentros entre Japón y España / _rAna Trujillo Dennis |
||
| 505 |
_tJapón, Date Masamune y la embajada Keichô / _rJavier Villalba Fernández |
||
| 505 |
_tLas primeras visitas de los viajeros del Lejano Occidente a Japón / _rJavier Villalba Fernández |
||
| 505 |
_tLa pintura de la escuela Namban en Japón / _rFernando García Gutiérrez |
||
| 505 |
_tLa impronta cultural de occidente en la vida cotidiana japonesa del periodo Namban / _rMuriel Gómez Pradas |
||
| 505 |
_tLos textos impresos como testimonios de un encuentro. Libros occidentales relativos al periodo Namban en España y su contribución a la creación de la imagen de Japón / _rElena Barlés Baguena |
||
| 505 |
_tMapas, mártires, embajadas y exotismo: la imagen de Japón en la cultura visual europea / _rPilar Cabañas Moreno y David Almazán Tomás |
||
| 505 |
_tLa armadura del samurái: de valiosos regalos a estímulos de la imaginación / _rMatilde Rosa Arias Estévez |
||
| 505 |
_tLaca japonesa urushi de estilo Namban en España. Vías de su llegada y sus destinos / _rYayoi Kawamura |
||
| 505 |
_tHuellas del arte japonés en Nueva España: biombos, enconchados y maques / _rPilar Cabañas Moreno |
||
| 505 | _tCatálogo razonado: Laca Namban y obras de Nueva España | ||
| 505 | _tGlosario básico de términos de arte japonés y de laca urushi | ||
| 505 |
_tAnexo: Selección de libros occidentales relacionados con el periodo Namban en bibliotecas y otras instituciones españolas / _rElena Barlés Báguena |
||
| 520 | _aEl propósito de la exposición es fomentar la comprensión mutua entre los dos países. Dicha exposición está compuesta de dos partes. La primera es la explicación de la embajada de Hasekura a través de paneles fotográficos, mediante la cual se quiere profundizar en la finalidad de la misión de Hasekura, su trasfondo histórico y la relación diplomática de ambos países de la época. La segunda parte de la exposición está dedicada a los utensilios de estilo Namban guardados en España tras su llegada desde Japón a partir del siglo XVI. - Proporcionado por Fundación Japón, Madrid | ||
| 650 |
_aLacas _vExposiciones _zEspaña _zJapón _928554 |
||
| 650 |
_aArte namban _xInfluencias _vExposiciones _928555 |
||
| 651 |
_2España _xRelaciones _zJapón _928556 |
||
| 942 |
_2lcc _cB |
||
| 999 |
_c10849 _d10849 |
||